The G N Devy reader: (Record no. 66020)
[ view plain ]
| 000 -LEADER | |
|---|---|
| fixed length control field | 00904nam a22002297a 4500 |
| 005 - DATE AND TIME OF LATEST TRANSACTION | |
| control field | 20240813115031.0 |
| 010 ## - LCCN (DPL NO) | |
| LC control number | B-453528-532 ENG-141327 |
| 020 ## - INTERNATIONAL STANDARD BOOK NUMBER | |
| International Standard Book Number | 9788125036937 |
| Terms of availability | 795.00 |
| 020 ## - INTERNATIONAL STANDARD BOOK NUMBER | |
| International Standard Book Number | 9789354424717 |
| Terms of availability | 795.00 |
| 035 ## - SYSTEM CONTROL NUMBER | |
| System control number | B-453528-532 |
| 035 ## - SYSTEM CONTROL NUMBER | |
| System control number | EN-124859 |
| 037 ## - SOURCE OF ACQUISITION | |
| Source of stock number/acquisition | DBAD |
| 082 ## - DEWEY DECIMAL CLASSIFICATION NUMBER | |
| Classification number | 891.1 |
| 100 ## - MAIN ENTRY--PERSONAL NAME | |
| Personal name | Devy, G. N., |
| 245 ## - TITLE STATEMENT | |
| Title | The G N Devy reader: |
| Remainder of title | After Amnesia of Many Heros the Being of Bhasha Countering Violence/ |
| Statement of responsibility, etc | Foreword by Rajeswari Sunder Rajan |
| 260 ## - PUBLICATION, DISTRIBUTION, ETC. (IMPRINT) | |
| Place of publication, distribution, etc | New Delhi |
| Name of publisher, distributor, etc | Orient Blackswan |
| Date of publication, distribution, etc | 2009 |
| 300 ## - PHYSICAL DESCRIPTION | |
| Extent | 1 v. (various pagings) |
| Dimensions | 23 cm. (Hb) |
| 500 ## - GENERAL NOTE | |
| General note | Includes bibliographical references and index. |
| 505 ## - FORMATTED CONTENTS NOTE | |
| Formatted contents note | After amnesia -- "Of many heroes" -- The being of bhasha -- Countering violence. |
| 942 ## - ADDED ENTRY ELEMENTS (KOHA) | |
| Source of classification or shelving scheme | Dewey Decimal Classification |
| Item type | English Books |
| Classification part | 891.1 |
| Call number suffix | DEV |
| Withdrawn status | Lost status | Not for loan | Collection code | Home library | Current library | Date acquired | Source of acquisition | Cost, normal purchase price | Full call number | Barcode | Copy number | Cost, replacement price | Koha item type |
|---|---|---|---|---|---|---|---|---|---|---|---|---|---|
| Non-fiction | Central Library | Central Library | 03/05/2012 | Allied/1413/23.11.2011/04/15.9.2011/29.11.2011 | 795.00 | 891.1 DEV | B-453528 | 1 | 795.00 | English Books | |||
| Non-fiction | Karol Bagh | Karol Bagh | 03/05/2012 | Allied/1413/23.11.2011/04/15.9.2011/29.11.2011 | 795.00 | 891.1 DEV | B-453531 | 1 | 795.00 | English Books | |||
| Non-fiction | Patel Nagar | Patel Nagar | 03/05/2012 | Allied/1413/23.11.2011/04/15.9.2011/29.11.2011 | 795.00 | 891.1 DEV | B-453529 | 1 | 795.00 | English Books | |||
| Non-fiction | Sarojini Nagar | Sarojini Nagar | 03/05/2012 | Allied/1413/23.11.2011/04/15.9.2011/29.11.2011 | 795.00 | 891.1 DEV | B-453530 | 1 | 795.00 | English Books | |||
| Non-fiction | Shahdara Branch | Shahdara Branch | 03/05/2012 | Allied/1413/23.11.2011/04/15.9.2011/29.11.2011 | 795.00 | 891.1 DEV | B-453532 | 1 | 795.00 | English Books | |||
| Non-fiction | Shahdara Branch | Shahdara Branch | 13/08/2024 | DBAD | 795.00 | 891.1 DEV | EN-124859 | 1 | 795.00 | English Books |
